| 000 | 00569nam a2200217Ia 4500 | ||
|---|---|---|---|
| 003 | OSt | ||
| 005 | 20240506053545.0 | ||
| 008 | 210329s9999||||xx |||||||||||||| ||und|| | ||
| 020 | _a0198604130 | ||
| 040 | _cSTCPL | ||
| 041 | _aENG | ||
| 082 |
_a070.41 _bBIL-E |
||
| 100 | _aBillingham, Jo | ||
| 245 | 0 |
_aEditing and revising text / _cby Jo Billingham |
|
| 260 |
_aLondon : _bOxford University Press , _c2002 . |
||
| 300 |
_a136 p. _bPB |
||
| 650 | _aEnglish literature | ||
| 650 | _aJournalism, Publishing, Newspapers Editing | ||
| 942 | _cBK | ||
| 942 | _2ddc | ||
| 999 |
_c53997 _d53998 |
||